000 01055nmm a2200289 a 4500
001 ocm000779996
003 TR-IsHL
005 20201028140457.0
008 131212s2011 tu eng
007 cr cn
020 _a9786054392315
035 _a779996
_b(N$T)
050 0 4 _aPE1065
_b.C35 2011
090 0 4 _aPE1065
_b.C35 2011
100 1 _aÇakır, Hasan
245 1 0 _aLearn English grammar: through tests and exercises
_h[electronic resource] /
_cHasan Çakır
260 _aKonya :
_bEğitim Akademi Yayınevi,
_c2011
300 _a616 p.
650 4 _aDil ve Edebiyat
650 4 _aLanguage and Literature
650 0 _aİngiliz dili
_x Çalışma ve öğretim
650 0 _aEnglish language
_x Study and teaching
650 0 _aİngiliz dili
_x Dil bilgisi
_x Çalışma ve öğretim
650 0 _aEnglish language
_x Grammar
_x Study and teaching
650 7 _aLANGUAGE ARTS & DISCIPLINES / Grammar & Punctuation
_2bisacsh
856 4 0 _uhttp://search.ebscohost.com/login.aspx?direct=true&scope=site&db=e011xww&AN=779996
999 _c7308
_d7308